The mismeasure of man: (Record no. 10298)
[ view plain ]
| 000 -LEADER | |
|---|---|
| fixed length control field | 00372pam a2200157 4500 |
| 001 - CONTROL NUMBER | |
| control field | 2346 |
| 005 - DATE AND TIME OF LATEST TRANSACTION | |
| control field | 20250603152335.0 |
| 008 - FIXED-LENGTH DATA ELEMENTS--GENERAL INFORMATION | |
| fixed length control field | 811102s1981 nyu 001 1 eng |
| 010 ## - LIBRARY OF CONGRESS CONTROL NUMBER | |
| LC control number | 81018792 |
| 020 ## - INTERNATIONAL STANDARD BOOK NUMBER | |
| International Standard Book Number | 0393951782 |
| 022 ## - INTERNATIONAL STANDARD SERIAL NUMBER | |
| International Standard Serial Number | 393300560 |
| 245 04 - TITLE STATEMENT | |
| Title | The mismeasure of man: |
| 260 ## - PUBLICATION, DISTRIBUTION, ETC. | |
| Place of publication, distribution, etc. | New York : |
| Name of publisher, distributor, etc. | Norton, |
| Date of publication, distribution, etc. | n.d |
| 300 ## - PHYSICAL DESCRIPTION | |
| Extent | 345 p. ; |
| Dimensions | 23 cm. |
| 942 ## - ADDED ENTRY ELEMENTS (KOHA) | |
| Source of classification or shelving scheme | Dewey Decimal Classification |
| Koha item type | Main |
| Withdrawn status | Lost status | Source of classification or shelving scheme | Damaged status | Not for loan | Collection code | Home library | Current library | Shelving location | Date acquired | Inventory number | Total Checkouts | Full call number | Barcode | Date last seen | Price effective from | Koha item type | Public note |
|---|---|---|---|---|---|---|---|---|---|---|---|---|---|---|---|---|---|
| Dewey Decimal Classification | Main TEST | RTC Library | RTC Library | Main opac | 03/06/2025 | 193613 | 153.93 GOU | 30020579 | 03/06/2025 | 03/06/2025 | Main | Donated by Dr.Dolma |